000 00624nam a2200193Ia 4500
999 _c34540
_d34540
003 OSt
005 20200908101158.0
008 190216s9999||||xx |||||||||||||| ||und||
020 _a9781259003356
040 _coclc
082 _a536.7
_bGAR/T
100 _aGarg, S C
_94476
245 0 _aThermal Physics :
_bKinetic Theory, Thermodynamics And Statistical Mechanics /
_cS C Garg ; R M Bansal ; C K Ghosh
250 _a2nd Ed.
260 _bMcGraw Hill Education (india) Private Limited,
_c2013.
_aNew Delhi:
300 _a500p
650 _aPhysics
942 _cBK
_2ddc
_h536.7
_iGAR/T
_k536.7
_mGAR/T